000 00342nam a2200133Ia 4500
100 _aMalik/ S.
650 _aGeneral
942 _cBK
654 _aIndian boiler regulations 1950
245 _aCommentries on Indian Boiler Regulations 1950
260 _bLaw Publishers (I) Pvt
_aAllahabad
_c1993
546 _aENGLISH
999 _c27672
_d27672